| 000 | 00690nam a22002057a 4500 | ||
|---|---|---|---|
| 999 |
_c5537 _d5537 |
||
| 003 | AR-CdUCM | ||
| 008 | 190312b ||||| |||| 00| 0 spa d | ||
| 040 |
_aMUNICIPALIDAD PROVINCIAL DEL CUSCO _cBIBLIOTECA MUNICIPAL DEL CUSCO |
||
| 082 |
_a872.3 / _bP66 |
||
| 100 |
_aPlauto _916595 |
||
| 245 | _aComedias / | ||
| 260 |
_aBarcelona : _bObras maestras, _c1962. |
||
| 300 |
_a337 páginas ; _c19 cm. |
||
| 505 | _aContenido : El gorgojo -- Los Cautivos -- Anfitrión -- La olla -- Los dos Menecmos -- El Militar fanfarrón. | ||
| 650 |
_aTeatro latino _916596 |
||
| 650 |
_aComedia _92607 |
||
| 700 |
_aXuriguera, Juan B. (prólogo y notas) _916597 |
||
| 942 |
_2ddc _cLIBROS |
||
| 945 | _azta | ||